[Event "World Blitz Women 2017"]
[Site "Riyadh KSA"]
[Date "2017.12.30"]
[Round "17.26"]
[White "Socko, Monika"]
[Black "Nakhbayeva, Guliskhan"]
[Result "0-1"]
[WhiteTitle "GM"]
[BlackTitle "WGM"]
[WhiteElo "2471"]
[BlackElo "2314"]
[WhiteFideId "1106619"]
[BlackFideId "13704788"]
[EventDate "2017.12.29"]

1. d4 Nf6 2. c4 e6 3. g3 d5 4. Bg2 dxc4 5. Nf3 Bb4+ 6. Bd2 a5 7. O-O O-O 8. Bf4
b5 9. a4 c6 10. Qc2 Ba6 11. Rd1 Nbd7 12. e4 Qb6 13. Ng5 h6 14. Nf3 Rad8 15. h3
Bb7 16. g4 c5 17. d5 exd5 18. exd5 Nxd5 19. Bg3 N7f6 20. g5 hxg5 21. Nxg5 g6 22.
axb5 Nh5 23. Be5 Ndf4 24. Rxd8 Qxd8 25. Nf3 Nxg2 26. Kxg2 Qg5+ 27. Bg3 Nf4+ 28.
Kh2 Bxf3 29. Nd2 Ba8 30. Nxc4 Qd5 31. Ne3 Qf3 32. Qc4 Nh5 33. Qg4 Nxg3 34. Qxg3
Qxg3+ 35. Kxg3 Rb8 36. Rd1 Kg7 37. Nc4 Rxb5 38. Rd8 Be4 39. Nd6 Bc6 40. Nxb5
Bxb5 41. Kf4 a4 42. Ra8 Bc6 43. Ra6 Bb5 44. Ra7 Bc6 45. Ke5 Be1 46. f4 Bd2 47.
Kd6 Bb5 48. Rb7 Be2 49. Ke5 c4 50. Ke4 Bc1 51. Rb4 a3 52. bxa3 Bxa3 53. Ra4 Bb2
54. Ke3 Bd1 55. Rxc4 Bf6 56. Rc1 Ba4 57. Rc7 Bb3 58. Kf3 Bd5+ 59. Kg3 Be6 60.
Rb7 Kh6 61. Rb8 Kh5 62. Rb5+ Bf5 63. Rb7 Be6 64. Rb5+ Kh6 65. Rb6 Bc3 66. Rb5
Be1+ 67. Kg2 Bh4 68. Ra5 Kg7 69. Rb5 Be1 70. Re5 Bc3 71. Rc5 Bd4 72. Rb5 Kf6 73.
Kg3 Be3 74. Re5 Bc1 75. Rc5 Ba3 76. Rc3 Bd6 77. Rc6 Ke7 78. Ra6 g5 79. h4 gxf4+
80. Kf3 Bd5+ 81. Kg4 f3 82. Ra1 f2 83. Kh3 Bc4 84. Kg2 f1=Q+ 0-1

[Event "World Blitz Women 2017"]
[Site "Riyadh KSA"]
[Date "2017.12.30"]
[Round "17.27"]
[White "Szczepkowska, Karina"]
[Black "Mamedjarova, Turkan"]
[Result "1-0"]
[WhiteTitle "IM"]
[BlackTitle "WGM"]
[WhiteElo "2419"]
[BlackElo "2260"]
[WhiteFideId "1122681"]
[BlackFideId "13402005"]
[EventDate "2017.12.29"]

1. b3 d5 2. Bb2 c5 3. f4 Nc6 4. Nf3 d4 5. g3 Nf6 6. Bg2 Bf5 7. O-O e6 8. Na3 Bd6
9. Nc4 Bc7 10. a4 h6 11. d3 O-O 12. e4 dxe3 13. Nxe3 Rb8 14. Nxf5 exf5 15. Qd2
Nd4 16. Bxd4 cxd4 17. Rae1 Rc8 18. Ne5 Nd5 19. Bxd5 Qxd5 20. Nc4 a6 21. Qe2 b5
22. axb5 axb5 23. Nd2 Ba5 24. Rc1 Rfe8 25. Qf2 Re3 26. Nf3 Rce8 27. Ne5 f6 28.
c4 bxc4 29. Nxc4 Re2 30. Qf3 Qb5 31. Nd6 Qxb3 32. Nxe8 Rxe8 33. Rb1 Qe6 34. Rb5
Bd2 35. Qd5 Qxd5 36. Rxd5 Re2 37. Rxf5 Be3+ 38. Kh1 Rd2 39. Rb1 Rxd3 40. Rd5 Kf7
41. f5 Kg8 42. Rd7 h5 43. Rbb7 Bh6 44. Rd8+ Kh7 45. Rbb8 g5 46. Rd7+ Bg7 47.
Rbb7 Rd1+ 48. Kg2 Rd2+ 49. Kf1 Kg8 50. Rxg7+ Kf8 51. Rgc7 1-0

[Event "World Blitz Women 2017"]
[Site "Riyadh KSA"]
[Date "2017.12.30"]
[Round "17.28"]
[White "Vo, Thi Kim Phung"]
[Black "Girya, Olga"]
[Result "0-1"]
[WhiteTitle "WGM"]
[BlackTitle "WGM"]
[WhiteElo "2380"]
[BlackElo "2484"]
[WhiteFideId "12401838"]
[BlackFideId "4195752"]
[EventDate "2017.12.29"]

1. d4 d5 2. c4 c6 3. Nc3 Nf6 4. Nf3 e6 5. cxd5 exd5 6. Qc2 g6 7. Bg5 Bf5 8. Qb3
b5 9. Ne5 Be7 10. e3 O-O 11. Be2 a5 12. a4 b4 13. Nd1 Be6 14. Qc2 c5 15. dxc5
Qc7 16. Nd3 Nbd7 17. Rc1 Rac8 18. Qb1 Qc6 19. b3 Bf5 20. N1b2 Nxc5 21. O-O Qe6
22. Nxc5 Rxc5 23. Bd3 Ne4 24. Bxe7 Qxe7 25. Rxc5 Qxc5 26. Rc1 Nc3 27. Qc2 Be6
28. Bf1 Rc8 29. Re1 Ne4 30. Qd1 Nc3 31. Qf3 Ne4 32. Nd3 Qd6 33. Nf4 Nd2 34. Qe2
Nxb3 35. Rd1 Nc5 36. Qb5 b3 37. Qxa5 b2 38. Rb1 Rb8 39. Bb5 d4 40. Qd2 Nb3 41.
Qxb2 dxe3 42. fxe3 Qc5 43. Nxe6 Qxe3+ 44. Kh1 Rc8 45. h3 Qxe6 46. Qxb3 Rc1+ 47.
Kh2 Qe5+ 48. g3 Rc3 49. Qxc3 0-1

[Event "World Blitz Women 2017"]
[Site "Riyadh KSA"]
[Date "2017.12.30"]
[Round "17.30"]
[White "Gaponenko, Inna"]
[Black "Tokhirjonova, Gulrukhbegim"]
[Result "1-0"]
[WhiteTitle "IM"]
[BlackTitle "WGM"]
[WhiteElo "2435"]
[BlackElo "2329"]
[WhiteFideId "14101181"]
[BlackFideId "14203626"]
[EventDate "2017.12.29"]

1. e4 e5 2. Nf3 Nc6 3. Bb5 a6 4. Bxc6 dxc6 5. O-O Bd6 6. d4 exd4 7. Qxd4 f6 8.
Nbd2 Be6 9. b3 Ne7 10. Bb2 Qd7 11. Nc4 Bxc4 12. Qxc4 O-O-O 13. e5 fxe5 14. Nxe5
Bxe5 15. Bxe5 Qf5 16. Bg3 Nd5 17. Rfe1 Rhe8 18. h3 h5 19. Qc5 Kb8 20. c4 Ne7 21.
Qb6 Rc8 22. Rad1 h4 23. Bh2 g5 24. Qe3 g4 25. hxg4 Qxg4 26. Qf4 Qxf4 27. Bxf4
Ng6 28. Bg5 b5 29. Kh2 Kb7 30. Kh3 c5 31. f4 bxc4 32. bxc4 Kc6 33. f5 Ne5 34.
Re4 Rb8 35. Rde1 Nf7 36. Rxe8 Nxg5+ 37. Kxh4 Rxe8 38. Rxe8 Nf7 39. g4 Nd6 40.
Re1 Nxc4 41. f6 Nd6 42. Rf1 Nf7 43. g5 Kd6 44. g6 1-0

[Event "World Blitz Women 2017"]
[Site "Riyadh KSA"]
[Date "2017.12.30"]
[Round "17.31"]
[White "Zatonskih, Anna"]
[Black "Doluhanova, Evgeniya"]
[Result "1-0"]
[WhiteTitle "IM"]
[BlackTitle "WGM"]
[WhiteElo "2452"]
[BlackElo "2352"]
[WhiteFideId "14101572"]
[BlackFideId "14112035"]
[EventDate "2017.12.29"]

1. e4 c5 2. g3 Nc6 3. Bg2 g6 4. d3 Bg7 5. f4 d6 6. Nf3 Nf6 7. O-O O-O 8. h3 Rb8
9. c4 a6 10. Nc3 b5 11. Qe2 b4 12. Nb1 Ne8 13. Nbd2 Nc7 14. Kh2 Ne6 15. Qf2 Ned4
16. Nxd4 Nxd4 17. Nf3 a5 18. Be3 Nxf3+ 19. Bxf3 a4 20. Rad1 Bb7 21. Bg2 Qc7 22.
Rfe1 Rbc8 23. Qe2 Rfe8 24. Qf2 Rf8 25. Bf3 f5 26. Qg2 e5 27. Kh1 fxe4 28. dxe4
exf4 29. gxf4 Rce8 30. Rg1 Kh8 31. b3 a3 32. Rde1 Bc6 33. f5 gxf5 34. exf5 Bxf3
35. Qxf3 Qf7 36. Ref1 Rg8 37. Rg4 Be5 38. Rfg1 Rxg4 39. Rxg4 Qf6 40. Bg5 Qf7 41.
Bh6 Rg8 42. Qe4 Qf6 43. Bg7+ Rxg7 44. Qa8+ 1-0

[Event "World Blitz Women 2017"]
[Site "Riyadh KSA"]
[Date "2017.12.30"]
[Round "17.32"]
[White "Munguntuul, Batkhuyag"]
[Black "Mkrtchian, Lilit"]
[Result "0-1"]
[WhiteTitle "IM"]
[BlackTitle "IM"]
[WhiteElo "2397"]
[BlackElo "2376"]
[WhiteFideId "4900758"]
[BlackFideId "13300601"]
[EventDate "2017.12.29"]

1. e4 e6 2. d4 d5 3. Nc3 Bb4 4. e5 c5 5. Bd2 Nh6 6. a3 Bxc3 7. Bxc3 cxd4 8. Qxd4
Nc6 9. Qf4 Nf5 10. Nf3 Qb6 11. g4 d4 12. gxf5 dxc3 13. fxe6 Bxe6 14. b3 O-O-O
15. Bd3 Nd4 16. Nxd4 Rxd4 17. Qe3 Rhd8 18. Rd1 Qc6 19. Rg1 g6 20. Be2 Rxd1+ 21.
Bxd1 Kb8 22. Bf3 Qc7 23. Rg3 Rd2 24. Bd1 Qd7 25. Be2 Rxc2 26. Qd3 Rc1+ 27. Bd1
c2 28. Qxd7 Bxd7 29. Rd3 Bg4 30. f3 Bxf3 0-1

[Event "World Blitz Women 2017"]
[Site "Riyadh KSA"]
[Date "2017.12.30"]
[Round "17.33"]
[White "Charkhalashvili, Inga"]
[Black "Gu, Xiaobing"]
[Result "1-0"]
[WhiteTitle "WGM"]
[BlackTitle "WGM"]
[WhiteElo "2355"]
[BlackElo "2332"]
[WhiteFideId "13601431"]
[BlackFideId "8602611"]
[EventDate "2017.12.29"]

1. d4 Nf6 2. c4 g6 3. f3 Bg7 4. e4 d6 5. Nc3 c6 6. Be3 a6 7. Bd3 Nbd7 8. Nge2 b5
9. O-O Bb7 10. Rc1 O-O 11. Qd2 Re8 12. Rfd1 bxc4 13. Bxc4 Nb6 14. Bb3 a5 15. Na4
Nfd7 16. Nec3 Ba6 17. Nxb6 Nxb6 18. Na4 Bb5 19. Nxb6 Qxb6 20. a4 Ba6 21. Ba2
Rab8 22. Rc2 Rec8 23. Rdc1 Bb7 24. h4 h5 25. Kh1 Qd8 26. Bg5 Qb6 27. Bxe7 Bxd4
28. Qf4 d5 29. exd5 Be3 30. Qf6 Bxc1 31. dxc6 Rf8 32. Qxg6+ Kh8 33. Bf6# 1-0

[Event "World Blitz Women 2017"]
[Site "Riyadh KSA"]
[Date "2017.12.30"]
[Round "17.34"]
[White "Zozulia, Anna"]
[Black "Gvetadze, Sofio"]
[Result "1/2-1/2"]
[WhiteTitle "IM"]
[BlackTitle "IM"]
[WhiteElo "2316"]
[BlackElo "2289"]
[WhiteFideId "14102110"]
[BlackFideId "13601440"]
[EventDate "2017.12.29"]

1. e4 Nf6 2. e5 Nd5 3. d4 d6 4. Nf3 dxe5 5. Nxe5 c6 6. Be2 Nd7 7. Nf3 N7f6 8.
O-O Bf5 9. c4 Nb6 10. Nc3 e6 11. b3 Be7 12. Bb2 h6 13. Re1 O-O 14. h3 Qc7 15.
Rc1 Rad8 16. Bd3 Bxd3 17. Qxd3 a6 18. Qe2 Rfe8 19. Rcd1 c5 20. dxc5 Bxc5 21. Ne4
Nxe4 22. Qxe4 Bb4 23. Rf1 Bf8 24. Ne5 Nd7 25. Rfe1 Nf6 26. Qf3 Bb4 27. Rf1 Bd6
28. Nd3 e5 29. Qf5 Nd7 30. Rfe1 g6 31. Qf3 b6 32. Qe3 h5 33. Qg5 Be7 34. Qg3 Bf6
35. Ba1 Bg7 36. Nb4 b5 37. Nd5 Qc5 38. Rc1 bxc4 39. bxc4 Nb6 40. Nxb6 Qxb6 41.
Bxe5 Bxe5 42. Rxe5 Qb2 43. Rce1 Rxe5 44. Qxe5 Qxa2 45. Qc7 Rf8 46. c5 a5 47. c6
a4 48. Qd7 Qc2 49. c7 a3 50. Re8 Qc1+ 51. Kh2 Qf4+ 52. Kg1 Qc1+ 53. Kh2 Qf4+ 54.
Kg1 Qc1+ 55. Kh2 Qf4+ 1/2-1/2

[Event "World Blitz Women 2017"]
[Site "Riyadh KSA"]
[Date "2017.12.30"]
[Round "17.35"]
[White "Ordaz Valdes, Lisandra Teresa"]
[Black "Enkhtuul, Altan-Ulzii"]
[Result "1/2-1/2"]
[WhiteTitle "WGM"]
[BlackTitle "WGM"]
[WhiteElo "2414"]
[BlackElo "2344"]
[WhiteFideId "3506940"]
[BlackFideId "4901444"]
[EventDate "2017.12.29"]

1. d4 Nf6 2. c4 c5 3. d5 b5 4. Qc2 bxc4 5. e4 d6 6. Bxc4 g6 7. Nc3 Bg7 8. Nge2
O-O 9. O-O a5 10. b3 Ba6 11. Bb2 Qb6 12. Rab1 Bb7 13. Rfd1 Na6 14. a3 Rfb8 15.
Na4 Qd8 16. Bc3 Rc8 17. Ng3 Nb8 18. Qd2 Nbd7 19. Bb5 Rcb8 20. Bc4 Nb6 21. Bf1
Nbd7 22. Re1 h5 23. Bd3 Ng4 24. Bxg7 Kxg7 25. Qc3+ Kh7 26. Nf1 Nge5 27. Be2 Nf6
28. Nd2 Ned7 29. Bf1 Ba6 30. Nc4 Bb5 31. Rbd1 Bxa4 32. bxa4 Nb6 33. Nxb6 Qxb6
34. Bb5 Qc7 35. e5 dxe5 36. Qxe5 Qxe5 37. Rxe5 Ra7 38. d6 exd6 39. Rxd6 Ng4 40.
Re4 Kg7 41. h3 Nf6 42. Rc4 Rc8 43. g4 hxg4 44. hxg4 Re7 45. Ra6 Re1+ 46. Kg2 Ra1
47. Rxa5 Rxa3 48. Ba6 Ra8 49. Rcxc5 Ne4 50. Re5 Nc3 51. Bc4 Rxa5 52. Rxa5 Rxa4
53. Rxa4 Nxa4 54. Kg3 Nb6 55. Bb3 f6 56. f4 Nd7 57. Kf3 Nc5 58. Bc4 Kf8 59. Ke3
Ke7 60. Kd4 Kd6 61. Bf7 Ne6+ 62. Bxe6 Kxe6 63. Ke4 Kd6 64. Kd4 Ke6 65. Ke4 Kd6
66. Kd4 Kc6 67. g5 fxg5 68. fxg5 Kd6 69. Ke4 Ke6 70. Kf4 Kd5 71. Kg4 Ke4 72. Kg3
Kf5 73. Kf3 Kxg5 74. Kg3 Kh5 75. Kh3 g5 76. Kg3 g4 77. Kg2 Kh4 78. Kh2 Kg5 79.
Kg3 Kf5 80. Kg2 Kf4 81. Kf2 Ke4 82. Kg3 Kf5 83. Kg2 Kg5 84. Kg3 Kh5 85. Kg2 Kh4
86. Kh2 g3+ 87. Kg2 Kg4 88. Kg1 Kf4 89. Kg2 Kg4 90. Kg1 Kh3 91. Kh1 g2+ 92. Kg1
Kg3 1/2-1/2

[Event "World Blitz Women 2017"]
[Site "Riyadh KSA"]
[Date "2017.12.30"]
[Round "17.36"]
[White "Zimina, Olga"]
[Black "Ding, Yixin"]
[Result "1/2-1/2"]
[WhiteTitle "IM"]
[BlackTitle "WGM"]
[WhiteElo "2415"]
[BlackElo "2424"]
[WhiteFideId "4132190"]
[BlackFideId "8602972"]
[EventDate "2017.12.29"]

1. Nf3 Nf6 2. c4 c5 3. Nc3 Nc6 4. d4 cxd4 5. Nxd4 g6 6. e4 Nxd4 7. Qxd4 d6 8.
Bg5 Bg7 9. Qd2 O-O 10. Bd3 Be6 11. Rc1 a5 12. b3 Nd7 13. O-O Nc5 14. Rfd1 Re8
15. Bb1 Qb6 16. Be3 Qb4 17. Nd5 Qxd2 18. Rxd2 Bxd5 19. exd5 b6 20. Rcd1 a4 21.
b4 Nd7 22. a3 Rec8 23. Ba2 Rc7 24. Rc2 Rac8 25. Kf1 b5 26. Rdc1 Ne5 27. c5 dxc5
28. bxc5 Nd3 29. Rd1 Nxc5 30. Bf4 Rd7 31. Rb1 Rdd8 32. Rxb5 Nd3 33. Rxc8 Rxc8
34. Be3 Nc1 35. Bb1 Nb3 36. Rb4 Ra8 37. Rb7 Bb2 38. Rxe7 Bxa3 39. Rb7 Rd8 40.
Be4 Bd6 41. Ra7 a3 42. Bg5 Rc8 43. Ra6 Bf8 44. d6 Nc5 45. Ra8 Rxa8 46. Bxa8 Bxd6
47. Bd5 Kg7 48. Be3 Na4 49. Bd4+ Kf8 50. Ke2 Bc5 51. Bf6 Be7 52. Be5 f6 53. Bd4
f5 54. Kd3 Bc5 55. Be5 Nb2+ 56. Kc2 Bxf2 57. Bd6+ Kg7 58. Bxa3 Na4 59. Bc6 Nb6
60. Bb2+ Kh6 61. Bc1+ g5 62. Bd2 Nc4 63. Bc1 Kg6 64. Kc3 Ne5 65. Bb7 f4 66. Ba6
Ng4 67. h3 Nf6 68. Bd3+ Kf7 69. Bc4+ Kg7 70. Bb2 Kh6 71. Kd3 Nd7 72. Ke2 Bc5 73.
Be6 Nf8 74. Bf5 Ng6 75. Bg4 Nh4 76. Kf1 Kg6 77. Bd1 h5 78. Bc2+ Kf7 79. Bb3+ Ke7
80. Bd5 g4 81. hxg4 hxg4 82. Be5 Be3 83. Bb7 Ke6 84. Bb2 Kd7 85. Be4 Ke6 86. Bb7
Ng6 87. Bc8+ Kd5 88. Bxg4 Ke4 89. Bf3+ Kf5 90. Be2 Nh4 91. Bd3+ Ke6 92. Bc4+ Kf5
93. Bd3+ Kg4 94. Be2+ Kg3 95. Bf3 Nxf3 96. gxf3 Kxf3 97. Be5 Ke4 98. Bxf4 Kxf4 1/2-1/2

[Event "World Blitz Women 2017"]
[Site "Riyadh KSA"]
[Date "2017.12.30"]
[Round "17.37"]
[White "Mamedjarova, Zeinab"]
[Black "Fataliyeva, Ulviyya"]
[Result "1-0"]
[WhiteTitle "WGM"]
[BlackTitle "WGM"]
[WhiteElo "2363"]
[BlackElo "2384"]
[WhiteFideId "13401521"]
[BlackFideId "13403052"]
[EventDate "2017.12.29"]

1. d4 e6 2. Nf3 Nf6 3. e3 d5 4. Bd3 c5 5. b3 Nc6 6. O-O Bd6 7. Bb2 O-O 8. a3 b6
9. Nbd2 Bb7 10. Ne5 cxd4 11. exd4 Qc7 12. f4 Ne8 13. Qe2 g6 14. Kh1 Ng7 15. g3
f6 16. Ng4 Rae8 17. Rae1 h5 18. Bxg6 hxg4 19. Bxe8 Rxe8 20. Qxg4 Qf7 21. Rf2 Qh5
22. Qxh5 Nxh5 23. Nf3 Kf7 24. Kg2 Rg8 25. Kh1 Ng7 26. Nh4 Ne7 27. Rfe2 Rh8 28.
Nf3 Nef5 29. Kg2 Ba6 30. Rf2 Rg8 31. Nd2 Bb8 32. c4 dxc4 33. bxc4 Bb7+ 34. Kf1
Nd6 35. Rc1 Ngf5 36. Kg1 Ne4 37. Nxe4 Bxe4 38. Re2 Bf3 39. Rf2 Be4 40. Re1 Bb7
41. Kf1 Ba6 42. Rc2 Nd6 43. Rec1 Rc8 44. Kf2 Nxc4 45. Bc3 Bd6 46. Bb4 Bxb4 47.
axb4 b5 48. Ra1 Rc6 49. Rca2 Bc8 50. Rxa7+ Kg6 51. Re7 Rd6 52. Raa7 Rxd4 53. Kf3
Nd6 54. g4 Bb7+ 55. Kg3 Rd3+ 56. Kh4 Rd2 57. Rg7+ Kxg7 58. g5 1-0

[Event "World Blitz Women 2017"]
[Site "Riyadh KSA"]
[Date "2017.12.30"]
[Round "17.38"]
[White "Melia, Salome"]
[Black "Galojan, Lilit"]
[Result "0-1"]
[WhiteTitle "IM"]
[BlackTitle "IM"]
[WhiteElo "2404"]
[BlackElo "2300"]
[WhiteFideId "13602446"]
[BlackFideId "13301314"]
[EventDate "2017.12.29"]

1. b3 e5 2. Bb2 Nc6 3. e3 a6 4. c4 Nf6 5. Be2 g6 6. d4 exd4 7. exd4 d5 8. Nf3
Bg7 9. O-O O-O 10. Nbd2 Re8 11. Re1 Bf5 12. Ne5 Nb4 13. g4 Be6 14. a3 Nc6 15. c5
Nxe5 16. dxe5 Nd7 17. f4 Nxc5 18. b4 Ne4 19. Rf1 f5 20. exf6 Bxf6 21. Bxf6 Qxf6
22. Nxe4 dxe4 23. Qc2 c6 24. Rad1 Bd5 25. f5 Rad8 26. fxg6 Qxg6 27. Qc3 e3 28.
Qf6 Qxf6 29. Rxf6 Rf8 30. Rxf8+ Rxf8 31. Rd3 Re8 32. Kf1 Kg7 33. Ke1 Kf6 34. h4
h6 35. Rd4 Re4 36. Rxe4 Bxe4 37. Bc4 Bf3 38. g5+ hxg5 39. hxg5+ Kxg5 40. a4 Kf4
41. b5 axb5 42. axb5 c5 43. b6 Ke5 44. Bb5 Kd4 45. Bd7 c4 46. Bb5 Kc5 47. Ba4
Kxb6 0-1

[Event "World Blitz Women 2017"]
[Site "Riyadh KSA"]
[Date "2017.12.30"]
[Round "17.39"]
[White "Karavade, Eesha"]
[Black "Gara, Anita"]
[Result "1-0"]
[WhiteTitle "IM"]
[BlackTitle "IM"]
[WhiteElo "2384"]
[BlackElo "2367"]
[WhiteFideId "5012600"]
[BlackFideId "709751"]
[EventDate "2017.12.29"]

1. Nf3 d5 2. g3 c5 3. c4 e6 4. cxd5 exd5 5. Bg2 Nc6 6. d4 Nf6 7. O-O Be7 8. Nc3
O-O 9. dxc5 Bxc5 10. Bg5 d4 11. Bxf6 Qxf6 12. Ne4 Qe7 13. Nxc5 Qxc5 14. Rc1 Qb6
15. Qd2 Bg4 16. h3 Be6 17. b3 Rad8 18. Ng5 Bd5 19. Ne4 Rfe8 20. Nc5 Bxg2 21.
Kxg2 h6 22. Nd3 Re7 23. Rc4 Rde8 24. Nf4 Re4 25. Re1 Qb5 26. f3 Re3 27. Nd3 Qd5
28. Kf2 Qe6 29. Nf4 Qf5 30. Qc2 d3 31. Nxd3 Qxh3 32. Nf4 Qd7 33. Rd1 Qe7 34. Rd2
Re5 35. e4 Qg5 36. Re2 h5 37. Nd3 R5e6 38. Qc1 Qb5 39. Qf4 Rf6 40. Qh4 Qb6+ 41.
Kg2 a5 42. Qxh5 Rh6 43. Qg5 Qc7 44. Qf4 Qe7 45. Rc5 Rd8 46. Rc3 Rf6 47. Qe3 Nd4
48. Rf2 Qd7 49. Nf4 Rd6 50. Rc5 b6 51. Rh5 Ne6 52. Nxe6 Qxe6 53. Qf4 Rd3 54. Qh4
f6 55. Rh8+ Kf7 56. Qh5+ Ke7 57. Rxd8 Rxd8 58. Qg6 Kf8 59. Qh5 Qf7 60. Qxf7+
Kxf7 61. Rc2 Rd7 62. Kf2 Ke7 63. Ke3 Ra7 64. Rc6 Rb7 65. a4 Kd7 66. Rc2 b5 67.
Rc5 bxa4 68. bxa4 Rb3+ 69. Kf4 Ra3 70. Rxa5 Kc6 71. Ra7 g6 72. Rf7 g5+ 73. Kg4
Rxa4 74. Rxf6+ Kd7 75. Kxg5 Ke7 76. Rb6 Ra5+ 77. Kf4 Kf7 78. e5 Ra3 79. Ke4 Ra4+
80. Kf5 Ra3 81. Rb7+ Kg8 82. Kg6 Kf8 83. Rf7+ Kg8 84. e6 Re3 85. Rf6 Re5 86. f4
Re3 87. g4 Re4 88. g5 Re2 89. f5 Re3 90. Rf7 Re5 91. Rb7 1-0

[Event "World Blitz Women 2017"]
[Site "Riyadh KSA"]
[Date "2017.12.30"]
[Round "17.40"]
[White "Ambartsumova, Karina"]
[Black "Assaubayeva, Bibisara"]
[Result "0-1"]
[WhiteTitle "WGM"]
[BlackTitle "FM"]
[WhiteElo "2359"]
[BlackElo "2381"]
[WhiteFideId "4166299"]
[BlackFideId "13708694"]
[EventDate "2017.12.29"]

1. Nf3 Nf6 2. g3 g6 3. Bg2 Bg7 4. O-O O-O 5. d3 d5 6. Nbd2 c5 7. e4 dxe4 8. dxe4
Nc6 9. c3 Bg4 10. Qc2 Bxf3 11. Nxf3 Nd7 12. Rd1 Qc7 13. Bf4 Nde5 14. Rd5 Nxf3+
15. Bxf3 Be5 16. Bh6 Rfd8 17. Rxc5 e6 18. Bg2 Qb6 19. Be3 Qc7 20. f4 Bd6 21. Rc4
e5 22. f5 b5 23. Rc5 Bxc5 24. Bxc5 Qd7 25. Be3 b4 26. Qf2 bxc3 27. bxc3 Rdc8 28.
g4 Nd8 29. Bg5 Rxc3 30. Qh4 Qd4+ 31. Kh1 Rd3 32. Rf1 Rd1 33. Qg3 Rxf1+ 0-1

[Event "World Blitz Women 2017"]
[Site "Riyadh KSA"]
[Date "2017.12.30"]
[Round "17.41"]
[White "Papp, Petra"]
[Black "Bulmaga, Irina"]
[Result "1-0"]
[WhiteTitle "WGM"]
[BlackTitle "IM"]
[WhiteElo "2313"]
[BlackElo "2427"]
[WhiteFideId "739049"]
[BlackFideId "13903063"]
[EventDate "2017.12.29"]

1. e4 c5 2. Nf3 d6 3. d4 cxd4 4. Nxd4 Nf6 5. Nc3 a6 6. Bg5 Nbd7 7. Bc4 h6 8. Bh4
Qb6 9. Bb3 e6 10. f3 Be7 11. Bf2 Nc5 12. Qe2 Qc7 13. O-O-O e5 14. Nf5 Bxf5 15.
exf5 Nxb3+ 16. axb3 Rc8 17. Kb1 b5 18. Bh4 O-O 19. Bxf6 Bxf6 20. Nd5 Qd8 21. Qe4
a5 22. h4 a4 23. bxa4 Ra8 24. Nxf6+ gxf6 25. axb5 Qa5 26. c3 Rfc8 27. Rh3 Qa2+
28. Kc2 Ra4 29. Rg3+ Kf8 30. Qd5 Qxd5 31. Rxd5 Ke7 32. Rg4 Ra1 33. b6 Ra6 34.
Rb4 Rb8 35. Rdb5 Rb7 36. Kd3 Kd7 37. Rb3 Kc6 38. R5b4 d5 39. c4 Ra5 40. cxd5+
Rxd5+ 41. Ke3 Rc5 42. Rc3 Kd6 43. Rxc5 Kxc5 44. Rb3 Kc6 45. Ke4 Kd7 46. Kd5 Kc8
47. Kc6 Rd7 48. Ra3 Rb7 49. Ra8+ Rb8 50. b7+ 1-0

[Event "World Blitz Women 2017"]
[Site "Riyadh KSA"]
[Date "2017.12.30"]
[Round "17.42"]
[White "Gevorgyan, Maria"]
[Black "Li, Ruofan"]
[Result "1-0"]
[WhiteTitle "WIM"]
[BlackTitle "IM"]
[WhiteElo "2275"]
[BlackElo "2351"]
[WhiteFideId "13300270"]
[BlackFideId "8600643"]
[EventDate "2017.12.29"]

1. e4 c5 2. Nc3 Nc6 3. Bb5 g6 4. Bxc6 bxc6 5. d3 Bg7 6. Be3 d6 7. Nge2 e5 8. Qd2
Ne7 9. O-O O-O 10. Bh6 Be6 11. b3 Rb8 12. Na4 f5 13. Bxg7 Kxg7 14. f4 exf4 15.
Nxf4 Bg8 16. Qc3+ Rf6 17. g4 h6 18. exf5 Nd5 19. Qd2 Nxf4 20. Qxf4 gxf5 21. gxf5
Bh7 22. Qg4+ Kh8 23. Kh1 Qd7 24. Qh4 Rbf8 25. Rae1 Rxf5 26. Rg1 Qf7 27. c4 Rh5
28. Qg3 Rg5 29. Qe3 Re5 30. Qh3 Rh5 31. Qe3 Qf5 32. Nc3 Rh3 33. Qe2 Rxd3 34. Qg2
Rg8 35. Re8 Rg3 36. Qxg3 Qf7 37. Rxg8+ Bxg8 38. Ne4 Bh7 39. Nxd6 Qd7 40. Qe5+ 1-0

[Event "World Blitz Women 2017"]
[Site "Riyadh KSA"]
[Date "2017.12.30"]
[Round "17.43"]
[White "Vijayalakshmi, Subbaraman"]
[Black "Bivol, Alina"]
[Result "1-0"]
[WhiteTitle "IM"]
[BlackTitle "WGM"]
[WhiteElo "2357"]
[BlackElo "2356"]
[WhiteFideId "5004098"]
[BlackFideId "4100123"]
[EventDate "2017.12.29"]

1. Nf3 Nf6 2. g3 g6 3. b3 Bg7 4. Bb2 O-O 5. Bg2 d6 6. d4 Nbd7 7. O-O c6 8. c4
Qc7 9. Nc3 e5 10. e4 exd4 11. Nxd4 a6 12. Qc2 Nc5 13. Rad1 Bg4 14. Rd2 Rad8 15.
h3 Bc8 16. Rfd1 Rfe8 17. Kh2 h5 18. b4 Ne6 19. Nce2 h4 20. Nxe6 Bxe6 21. Nf4 Bc8
22. Bc3 Nh7 23. Bxg7 Kxg7 24. Qc3+ Kg8 25. Qd4 Rd7 26. Bf3 Ng5 27. Bg2 a5 28. a3
Qd8 29. gxh4 Ne6 30. Nxe6 Rxe6 31. Bf3 c5 32. bxc5 dxc5 33. Qc3 Qc7+ 34. Kg2
Red6 35. h5 gxh5 36. Bxh5 Rxd2 37. Rxd2 Qf4 38. Rxd7 Bxd7 39. Qg3+ Qxg3+ 40.
Kxg3 Be6 41. Be2 Kg7 42. h4 Kf6 43. Kf4 Bd7 44. Bf3 b5 45. e5+ Kg7 46. cxb5 Bxb5
47. Ke3 Kg6 48. Kf4 Bc4 49. Bg4 Bd3 50. Ke3 Bb1 51. f4 f5 52. Be2 Be4 53. Bc4
Kh5 54. Bd3 Bd5 55. Bxf5 Kxh4 56. e6 Bc6 57. Bg6 c4 58. e7 1-0

[Event "World Blitz Women 2017"]
[Site "Riyadh KSA"]
[Date "2017.12.30"]
[Round "17.44"]
[White "Rapport, Jovana"]
[Black "Savina, Anastasia"]
[Result "1-0"]
[WhiteTitle "WGM"]
[BlackTitle "IM"]
[WhiteElo "2299"]
[BlackElo "2350"]
[WhiteFideId "937266"]
[BlackFideId "4196872"]
[EventDate "2017.12.29"]

1. d4 d5 2. Nc3 c5 3. Bf4 e6 4. e3 a6 5. Nf3 Nc6 6. Be2 Nf6 7. O-O Bd6 8. dxc5
Bxc5 9. a3 O-O 10. Bd3 Qe7 11. e4 d4 12. Ne2 e5 13. Bg5 h6 14. Bd2 Nh5 15. Ng3
Nxg3 16. hxg3 Bg4 17. Qe1 Rac8 18. Nh4 Qc7 19. Nf5 Bxf5 20. exf5 f6 21. Qe4 Rfe8
22. f3 Bf8 23. Kf2 Nb8 24. Rh1 Nd7 25. Qd5+ Kh8 26. Qf7 Nc5 27. Bc4 Qxf7 28.
Bxf7 Red8 29. Rac1 e4 30. Ba5 e3+ 31. Ke2 Rd7 32. Bc4 b5 33. Bd3 Nxd3 34. cxd3
Re8 35. g4 Bd6 36. Rc6 Kh7 37. Rhc1 Be5 38. Rxa6 Rb8 39. Bb4 Rc7 40. Rxc7 Bxc7
41. Rc6 Be5 42. Bc5 h5 43. g3 hxg4 44. f4 Bxf4 45. gxf4 g3 46. Bxd4 g2 47. Bxe3
Re8 48. Rc1 Kg8 49. Rg1 1-0

[Event "World Blitz Women 2017"]
[Site "Riyadh KSA"]
[Date "2017.12.30"]
[Round "17.45"]
[White "Albzoor, Anwar"]
[Black "Atalik, Ekaterina"]
[Result "0-1"]
[WhiteTitle "WFM"]
[BlackTitle "IM"]
[WhiteElo "1595"]
[BlackElo "2451"]
[WhiteFideId "11500522"]
[BlackFideId "4130189"]
[EventDate "2017.12.29"]

1. Nf3 d5 2. c4 dxc4 3. e3 Nf6 4. Bxc4 c5 5. O-O Nc6 6. Nc3 e6 7. b3 Be7 8. Bb2
O-O 9. Rc1 b6 10. d4 cxd4 11. Nxd4 Nxd4 12. Qxd4 Qxd4 13. exd4 Bb7 14. Nb5 Rfc8
15. Be2 Nd5 16. Bf3 Ba6 17. a4 Bg5 18. Rxc8+ Rxc8 19. Rd1 Bxb5 20. axb5 Rc2 21.
Ba3 Nc3 22. Re1 Nxb5 23. Bd1 Ra2 24. Bb4 a5 25. h4 Bf6 0-1